Представление документа в формате MARC21

Поле Инд. ПП Название Значение
Тип записи a
Библиографический уровень m
001 Контрольный номер 6fe7712a15864294b7f7609b8fc1893f
005 Дата корректировки 20230418154240.0
008 Кодируемые данные 080214
020 a ISBN 5-89502-744-X (МПСИ)
a ISBN 5-89395-676-1 (МОДЭК)
040 a Служба первич. каталог. НБ ТвГУ
041 0_ a Код языка текста rus
080 a Индекс УДК 316.614(075.8)
084 a Индекс другой классификации/Индекс ББК С524.125я73-1
a Индекс другой классификации/Индекс ББК Ю953я73-1
090 x Авторский знак Р70
a Полочн. индекс С524.1
100 1_ a Автор Ромм Марк Валериевич
245 10 a Заглавие Философия и психология адаптивных процессов
b Продолж. заглавия учеб. пособие
c Ответственность М. В. Ромм ; Рос. акад. образования, Моск. психол.-соц. ин-т
260 0_ a Место издания Москва
b Издательство Моск. психол.-соц. ин-т
a Место издания Воронеж
b Издательство МОДЭК
c Дата издания 2006
300 a Объем 295 с.
c Размеры 21 см
440 _0 a Серия Библиотека психолога
500 a Примечание В вып. дан. авт.: Ромм Марк Валерьевич.
504 a Библиография Библиогр.: с.267-293.
650 04 a Основная рубрика Личность
x Основная подрубрика Адаптация социальная
x Основная подрубрика Учебники для вузов
650 04 a Основная рубрика Социальная психология
653 0_ a Ключевые слова Социальная адаптация
a Ключевые слова Адаптация личности
a Ключевые слова Адаптивные процессы
a Ключевые слова Социальная психология
700 1_ a Другие авторы Фельдштейн Д. И.
e Роль лиц гл. ред. сер.
852 41 i Расстановочный признак Проверка 2023
920 a Оператор Поля
930 a Новая/Ретро учебники
952 c Вид литературы К ру
954 a Дата поступления на обработку 20080324
e Дата перешифровки 20230418